[Event "XXVI Ogolnopolska Olimpiada Mlodziezy"]
[Site "Pulawy"]
[Date "2020.10.06"]
[Round "3.22"]
[White "Hryniewicz, Maciej"]
[Black "Brozynski, Patryk"]
[Result "0-1"]
[WhiteElo "1277"]
[BlackElo "1734"]
[PlyCount "114"]
[EventDate "2020.10.04"]
[EventType "swiss"]
[Tiebreak "Sum of Buchholz+Median1 Buchholz+Sonneborn-Berger (Swiss)"]

1. e4 c5 2. Nf3 e6 3. d4 cxd4 4. Nxd4 a6 5. Bd3 Nf6 6. Bg5 Be7 7. O-O Qc7 8.
Nd2 O-O 9. Re1 d6 10. h3 b6 11. c3 Bb7 12. N2f3 Nbd7 13. Bc2 h6 14. Bh4 Rfd8
15. Rc1 Rac8 16. a4 Ne5 17. Qe2 d5 18. Nxe5 Qxe5 19. Bg3 Qh5 20. e5 Qxe2 21.
Rxe2 Nd7 22. b4 Kf8 23. Bb3 Bxb4 24. c4 dxc4 25. Bxc4 Bd5 26. Rec2 Bxc4 27.
Rxc4 Rxc4 28. Rxc4 Bc5 29. Nb3 Rc8 30. Kf1 Ke7 31. Rc2 a5 32. f4 Nb8 33. Bf2
Na6 34. Ke2 f6 35. g4 Rc7 36. Bxc5+ Nxc5 37. Nxc5 Rxc5 38. Rxc5 bxc5 39. h4
fxe5 40. fxe5 Kd7 41. Kd3 Kc6 42. Ke4 g6 43. Ke3 Kd5 44. Kd3 c4+ 45. Kc3 Kc5
46. Kd2 Kd4 47. Kc2 c3 48. Kc1 Kd3 49. g5 hxg5 50. hxg5 c2 51. Kb2 Kd2 52. Kb3
c1=Q 53. Ka2 Qc2+ 54. Ka3 Qc3+ 55. Ka2 Qb4 56. Ka1 Kc2 57. Ka2 Qxa4# 0-1

[Event "XXVI Ogolnopolska Olimpiada Mlodziezy"]
[Site "Pulawy"]
[Date "2020.10.06"]
[Round "3.22"]
[White "Serewa, Antoni"]
[Black "Halhoul, Adam"]
[Result "0-1"]
[WhiteElo "1447"]
[BlackElo "1718"]
[PlyCount "80"]
[EventDate "2020.10.04"]
[EventType "swiss"]
[Tiebreak "Sum of Buchholz+Median1 Buchholz+Sonneborn-Berger (Swiss)"]

1. d4 Nf6 2. Nf3 g6 3. g3 Bg7 4. Bg2 O-O 5. O-O d6 6. c4 c6 7. h3 Nbd7 8. Nc3
Re8 9. e4 e5 10. Be3 exd4 11. Nxd4 Nc5 12. Qc2 Qe7 13. f3 d5 14. cxd5 cxd5 15.
Bf2 dxe4 16. Rae1 Nd3 17. Nd5 Nxd5 18. Rxe4 Ne5 19. f4 Bf5 20. Nxf5 gxf5 21.
Ree1 Nb4 22. Qxf5 Nbd3 23. Re2 Qd7 24. Qh5 Ng6 25. Rxe8+ Qxe8 26. f5 Nge5 27.
Bd4 f6 28. Qh4 Qd7 29. Rd1 Qc7 30. Bc3 Rd8 31. Kh2 b6 32. a4 Rc8 33. Bd5+ Kh8
34. Rd2 Qc5 35. Qe4 Rd8 36. Be6 Rb8 37. h4 a6 38. Kh3 Nf2+ 39. Rxf2 Qxf2 40.
Bd4 Qf1+ 0-1

[Event "XXVI Ogolnopolska Olimpiada Mlodziezy"]
[Site "Pulawy"]
[Date "2020.10.06"]
[Round "3.22"]
[White "Wojs, Alicja"]
[Black "Mansz, Martyna"]
[Result "1-0"]
[WhiteElo "1392"]
[BlackElo "1054"]
[PlyCount "101"]
[EventDate "2020.10.04"]
[EventType "swiss"]
[Tiebreak "Sum of Buchholz+Median1 Buchholz+Sonneborn-Berger (Swiss)"]

1. e4 c5 2. Nf3 Nc6 3. d4 cxd4 4. Nxd4 g6 5. Be3 Bg7 6. Nc3 d6 7. Qd2 Nf6 8. f3
Bd7 9. g4 a6 10. h4 Ne5 11. h5 gxh5 12. gxh5 h6 13. Bh3 Bxh3 14. Rxh3 Qd7 15.
Rh1 e6 16. O-O-O b5 17. Kb1 Nc4 18. Qf2 b4 19. Nce2 a5 20. Rdg1 Bf8 21. Bc1 a4
22. Qe1 d5 23. exd5 Nxd5 24. f4 b3 25. Rg3 bxa2+ 26. Kxa2 a3 27. b3 Nb4+ 28.
Ka1 Bc5 29. bxc4 Bxd4+ 30. Nxd4 Qxd4+ 31. Qc3 Qxc3+ 32. Rxc3 a2 33. Rg1 Ke7 34.
Ba3 Rhb8 35. Rg2 Kf6 36. Bb2 Kf5 37. Rg7 Rd8 38. Rxf7+ Ke4 39. Bc1 Rd1 40. Re3+
Kd4 41. c3+ Kxc4 42. Rc7+ Kb5 43. cxb4 Kxb4 44. Rxe6 Kb5 45. Rxh6 Rd4 46. Re6
Rb4 47. Rb7+ Kc5 48. Re5+ Kc4 49. Re4+ Kc3 50. Rbxb4 Kc2 51. Rb2+ 1-0

[Event "XXVI Ogolnopolska Olimpiada Mlodziezy"]
[Site "Pulawy"]
[Date "2020.10.06"]
[Round "3.23"]
[White "Dobosiewicz, Dawid"]
[Black "Fil, Grzegorz"]
[Result "1-0"]
[WhiteElo "1390"]
[BlackElo "1268"]
[PlyCount "119"]
[EventDate "2020.10.04"]
[EventType "swiss"]
[Tiebreak "Sum of Buchholz+Median1 Buchholz+Sonneborn-Berger (Swiss)"]

1. e4 d5 2. exd5 Qxd5 3. Nc3 Qd6 4. g3 Nf6 5. Bg2 Nc6 6. Nge2 e5 7. d3 Be6 8.
f4 exf4 9. Bxf4 Qd7 10. Nb5 Bb4+ 11. c3 Ba5 12. O-O Bb6+ 13. d4 a6 14. Na3 Bh3
15. Re1 O-O-O 16. Nc4 Ba7 17. Ne3 Bxg2 18. Kxg2 Rhe8 19. Ng1 Ne7 20. Be5 Ng6
21. Bxf6 Qc6+ 22. Qf3 Qxf6 23. Qxf6 gxf6 24. Nf3 Rd6 25. Nf5 Rde6 26. h4 Rxe1
27. Rxe1 Rxe1 28. Nxe1 Kd7 29. Kf3 Ke6 30. Ke4 c6 31. Nd3 Ne7 32. Nxe7 Kxe7 33.
Kf5 Bb8 34. g4 h6 35. h5 Bd6 36. Nc5 Bxc5 37. dxc5 Ke8 38. Kxf6 Kf8 39. g5 hxg5
40. h6 Kg8 41. Kxg5 Kh7 42. b4 Kg8 43. Kf6 Kh7 44. Kxf7 Kxh6 45. Ke7 Kg5 46.
Kd7 Kf5 47. Kc7 Ke5 48. Kxb7 Kd5 49. Kxa6 Kc4 50. Kb6 Kxc3 51. Kxc6 Kxb4 52.
Kb6 Ka3 53. c6 Kxa2 54. c7 Kb3 55. c8=Q Ka4 56. Kc5 Ka3 57. Qb7 Ka2 58. Kc4 Ka1
59. Kc3 Ka2 60. Qb2# 1-0

[Event "XXVI Ogolnopolska Olimpiada Mlodziezy"]
[Site "Pulawy"]
[Date "2020.10.06"]
[Round "3.23"]
[White "Dzierzgowska, Jagoda"]
[Black "Oleksiuk, Anna"]
[Result "1-0"]
[WhiteElo "1109"]
[BlackElo "1167"]
[PlyCount "75"]
[EventDate "2020.10.04"]
[EventType "swiss"]
[Tiebreak "Sum of Buchholz+Median1 Buchholz+Sonneborn-Berger (Swiss)"]

1. d4 c6 2. Nf3 d5 3. c4 Nf6 4. Nc3 Bf5 5. Bf4 e6 6. e3 c5 7. cxd5 Nxd5 8. Bb5+
Nc6 9. Ne5 Qb6 10. Nxd5 exd5 11. Qa4 Rc8 12. Rc1 a6 13. Bxc6+ bxc6 14. O-O f6
15. Nf3 c4 16. b3 Bd3 17. Rfd1 Bb4 18. a3 Be7 19. bxc4 Bxc4 20. Rb1 Bb5 21. Qb3
Qa5 22. Ra1 O-O 23. a4 Bc4 24. Qb2 Bb4 25. Rdc1 Bd3 26. Ne1 Bc4 27. h3 Bd2 28.
h4 Bxc1 29. Rxc1 Qxa4 30. h5 g6 31. h6 g5 32. Qb7 Rf7 33. Qxc8+ Rf8 34. Qe6+
Rf7 35. Bd6 Qa3 36. Bxa3 Bb3 37. Qe8+ Rf8 38. Qxf8# 1-0

[Event "XXVI Ogolnopolska Olimpiada Mlodziezy"]
[Site "Pulawy"]
[Date "2020.10.06"]
[Round "3.23"]
[White "Karut, Kacper"]
[Black "Wieckowski, Michal"]
[Result "1-0"]
[WhiteElo "1657"]
[BlackElo "1494"]
[PlyCount "45"]
[EventDate "2020.10.04"]
[EventType "swiss"]
[Tiebreak "Sum of Buchholz+Median1 Buchholz+Sonneborn-Berger (Swiss)"]

1. e4 c5 2. Nf3 d6 3. d4 cxd4 4. Nxd4 Nf6 5. Nc3 g6 6. f3 Bg7 7. Be3 O-O 8. Qd2
Nc6 9. g4 Be6 10. O-O-O Rc8 11. h4 a6 12. h5 Nxd4 13. Bxd4 b5 14. hxg6 fxg6 15.
Nd5 Bxd5 16. exd5 Qc7 17. Bd3 Qb7 18. Qh2 Rf7 19. Kb1 a5 20. f4 b4 21. Bxf6
Bxf6 22. g5 Bh8 23. Bxg6 1-0

[Event "XXVI Ogolnopolska Olimpiada Mlodziezy"]
[Site "Pulawy"]
[Date "2020.10.06"]
[Round "3.23"]
[White "Nowak, Zuzanna"]
[Black "Labedz, Gabriela"]
[Result "1/2-1/2"]
[WhiteElo "1292"]
[BlackElo "1240"]
[PlyCount "136"]
[EventDate "2020.10.04"]
[EventType "swiss"]
[Tiebreak "Sum of Buchholz+Median1 Buchholz+Sonneborn-Berger (Swiss)"]

1. e4 d6 2. d4 Nf6 3. Nc3 e5 4. dxe5 dxe5 5. Qxd8+ Kxd8 6. Bc4 Be6 7. Bb3 Nbd7
8. Nf3 h6 9. Be3 c6 10. O-O-O Kc7 11. h3 b5 12. Bxe6 fxe6 13. Nd2 Bb4 14. Ncb1
a5 15. a3 Bc5 16. Rhe1 a4 17. f3 Bd4 18. Nf1 c5 19. c3 Bxe3+ 20. Nxe3 c4 21.
Nc2 Nc5 22. Nb4 Nh5 23. Kc2 Nf4 24. Rg1 Nb3 25. Nd2 Rhd8 26. h4 Nc5 27. g3 Nfd3
28. Nxd3 Rxd3 29. Rgf1 Rf8 30. Rf2 g5 31. hxg5 hxg5 32. g4 Nb3 33. Nxb3 axb3+
34. Kc1 Rfxf3 35. Rxf3 Rxf3 36. Rh1 Rf4 37. Rh7+ Kd6 38. Rb7 Rxe4 39. Rb6+ Ke7
40. Rxb5 Kf6 41. a4 Rxg4 42. a5 Rh4 43. a6 Rh8 44. Kd2 Kf5 45. a7 Ra8 46. Ra5
Kf4 47. Ke2 g4 48. Ra4 e4 49. Kf2 e5 50. Ra6 e3+ 51. Ke2 g3 52. Rf6+ Kg5 53.
Rf7 Kg6 54. Rf3 Rxa7 55. Rxg3+ Kf5 56. Kxe3 Rd7 57. Rf3+ Ke6 58. Ke2 e4 59. Rh3
Rf7 60. Rh5 Rf5 61. Rh6+ Kd5 62. Ra6 Ke5 63. Ra5+ Kf4 64. Ra8 Rh5 65. Rf8+ Rf5
66. Rc8 Rh5 67. Rf8+ Ke5 68. Re8+ Kf6 1/2-1/2

[Event "XXVI Ogolnopolska Olimpiada Mlodziezy"]
[Site "Pulawy"]
[Date "2020.10.06"]
[Round "3.24"]
[White "Jablonski, Dawid"]
[Black "Micula, Jakub"]
[Result "0-1"]
[WhiteElo "1200"]
[BlackElo "1370"]
[PlyCount "94"]
[EventDate "2020.10.04"]
[EventType "swiss"]
[Tiebreak "Sum of Buchholz+Median1 Buchholz+Sonneborn-Berger (Swiss)"]

1. d4 Nf6 2. c4 e6 3. Nc3 Bb4 4. Bg5 O-O 5. Nf3 d5 6. e3 b6 7. a3 Bxc3+ 8. bxc3
Nbd7 9. cxd5 exd5 10. Bd3 Bb7 11. O-O Re8 12. Rb1 Qe7 13. Qc2 h6 14. Bh4 Qxa3
15. Rb3 Qe7 16. Bf5 Rad8 17. Bxd7 Rxd7 18. Ne5 Rd6 19. Ng4 Qe6 20. Nxf6+ gxf6
21. Rbb1 Qe4 22. Qa4 Bc6 23. Qxa7 Qxh4 24. Qxc7 Rde6 25. Rxb6 Ba4 26. Ra1 Bc2
27. Rxe6 Rxe6 28. Ra8+ Kg7 29. Qd8 Bh7 30. h3 Kg6 31. Qxd5 Qe4 32. Qxe4+ Rxe4
33. c4 f5 34. g3 f4 35. gxf4 Kh5 36. Ra5+ Kh4 37. Ra6 h5 38. Kh2 Bf5 39. Ra3
Bxh3 40. f3 Re8 41. e4 Rg8 42. Ra2 Bf1 43. Kh1 Kg3 44. Rh2 h4 45. Kg1 h3 46. c5
Bg2 47. d5 Ra8 0-1

[Event "XXVI Ogolnopolska Olimpiada Mlodziezy"]
[Site "Pulawy"]
[Date "2020.10.06"]
[Round "3.24"]
[White "Pieczewska, Jadwiga"]
[Black "Giemza, Julia"]
[Result "1/2-1/2"]
[WhiteElo "1060"]
[BlackElo "1279"]
[PlyCount "62"]
[EventDate "2020.10.04"]
[EventType "swiss"]
[Tiebreak "Sum of Buchholz+Median1 Buchholz+Sonneborn-Berger (Swiss)"]

1. c4 Nf6 2. Nf3 g6 3. g3 Bg7 4. Bg2 O-O 5. O-O d6 6. Nc3 e5 7. d4 Nc6 8. d5
Ne7 9. h3 Nd7 10. e4 f5 11. Ng5 Nf6 12. Qe2 h6 13. Nf3 Nh5 14. exf5 gxf5 15.
Ne1 Nf6 16. Nd3 Ng6 17. c5 e4 18. Nf4 Nxf4 19. Bxf4 dxc5 20. Rad1 Nd7 21. Qe3
Kh7 22. d6 c6 23. g4 Bd4 24. Qg3 Rg8 25. Be3 Be5 26. Bf4 Bd4 27. Be3 Be5 28.
Bf4 Bd4 29. Be3 Be5 30. Bf4 Bd4 31. Be3 Be5 1/2-1/2

[Event "XXVI Ogolnopolska Olimpiada Mlodziezy"]
[Site "Pulawy"]
[Date "2020.10.06"]
[Round "3.24"]
[White "Podlewski, Szymon"]
[Black "Pisarek, Jan"]
[Result "1/2-1/2"]
[WhiteElo "1526"]
[BlackElo "1608"]
[PlyCount "99"]
[EventDate "2020.10.04"]
[EventType "swiss"]
[Tiebreak "Sum of Buchholz+Median1 Buchholz+Sonneborn-Berger (Swiss)"]

1. e4 c5 2. Nf3 d6 3. d4 cxd4 4. Nxd4 Nf6 5. Nc3 g6 6. Bb5+ Bd7 7. Bxd7+ Nbxd7
8. O-O Bg7 9. Bg5 O-O 10. Re1 Rc8 11. Qd2 Re8 12. Rad1 a6 13. h3 Ne5 14. b3 Qa5
15. Na4 Qxd2 16. Rxd2 Nc6 17. Nb6 Rcd8 18. Nxc6 bxc6 19. Bxf6 Bxf6 20. Red1 Kg7
21. f4 Rb8 22. Nd7 Rb7 23. Nxf6 Kxf6 24. Kf2 h5 25. Rd4 c5 26. Rd5 Rc8 27. e5+
dxe5 28. Rxe5 c4 29. Rd2 cxb3 30. cxb3 Rb4 31. g3 h4 32. Re3 Rc1 33. Kg2 hxg3
34. Rf3 a5 35. Kxg3 Rb1 36. Rc2 e6 37. Rc4 Rb2 38. Rf2 Rb1 39. Rfc2 Ra1 40.
Rxb4 axb4 41. Rc4 Rxa2 42. Rxb4 Rb2 43. Rb7 Rb1 44. b4 Rb2 45. b5 Rb3+ 46. Kg4
Rb4 47. Kf3 Rb3+ 48. Kg4 Rb4 49. Kf3 Rb3+ 50. Kg2 1/2-1/2

[Event "XXVI Ogolnopolska Olimpiada Mlodziezy"]
[Site "Pulawy"]
[Date "2020.10.06"]
[Round "3.25"]
[White "Stepinski, Piotr"]
[Black "Nocek, Dominik"]
[Result "1/2-1/2"]
[WhiteElo "1197"]
[BlackElo "1354"]
[PlyCount "71"]
[EventDate "2020.10.04"]
[EventType "swiss"]
[Tiebreak "Sum of Buchholz+Median1 Buchholz+Sonneborn-Berger (Swiss)"]

1. d4 Nf6 2. Bg5 c5 3. Bxf6 gxf6 4. e3 Qb6 5. b3 f5 6. Bc4 Bg7 7. Nf3 Nc6 8. c3
h6 9. Nbd2 d6 10. Nh4 e6 11. Be2 f4 12. Nc4 Qc7 13. Bh5 d5 14. Qg4 Bf6 15. Nd2
e5 16. Nf5 Ne7 17. e4 dxe4 18. Nxe4 Bg5 19. Nfd6+ Kf8 20. Nxc8 Rxc8 21. Nxg5
hxg5 22. O-O cxd4 23. cxd4 exd4 24. Rad1 Qc5 25. h3 Rh6 26. Qe2 Nd5 27. Bg4 Nc3
28. Qd3 Nxd1 29. Bxc8 Qxc8 30. Rxd1 Rd6 31. Qh7 Qc5 32. Re1 Rg6 33. Qh8+ Rg8
34. Qh6+ Rg7 35. Qh8+ Rg8 36. Qh6+ 1/2-1/2

[Event "XXVI Ogolnopolska Olimpiada Mlodziezy"]
[Site "Pulawy"]
[Date "2020.10.06"]
[Round "3.25"]
[White "Zeissel, Andrzej"]
[Black "Rzenca, Jerzy"]
[Result "0-1"]
[WhiteElo "1437"]
[BlackElo "1584"]
[PlyCount "110"]
[EventDate "2020.10.04"]
[EventType "swiss"]
[Tiebreak "Sum of Buchholz+Median1 Buchholz+Sonneborn-Berger (Swiss)"]

1. e4 c6 2. d4 d5 3. exd5 cxd5 4. Bd3 Nc6 5. c3 Qc7 6. Be3 Nf6 7. Nd2 Bg4 8.
Qb3 e6 9. Ngf3 Bd6 10. h3 Bh5 11. O-O O-O 12. Rfe1 a6 13. Qc2 Rfc8 14. Qb1 b5
15. a3 Na5 16. Bg5 Bg6 17. Bxg6 hxg6 18. Bxf6 gxf6 19. Qd3 Nc4 20. Nxc4 bxc4
21. Qe2 Rab8 22. h4 Rb6 23. h5 g5 24. Reb1 Rcb8 25. g3 R8b7 26. Nh2 Qb8 27. Ra2
Rb3 28. Qf3 f5 29. h6 Kh7 30. Kg2 g4 31. Qe3 Rxb2 32. Raxb2 Rxb2 33. Qg5 Bf8
34. Rh1 Rb1 35. Qf6 Rxh1 36. Qxf7+ Kxh6 37. Qxe6+ Kg7 38. Qd7+ Kf6 39. Kxh1
Qb1+ 40. Kg2 Qe4+ 41. Kg1 Qe6 42. Qd8+ Kf7 43. Qa5 Qd6 44. Nf1 Bh6 45. Qb4 Qxb4
46. axb4 Ke6 47. Ne3 Bxe3 48. fxe3 Kd6 49. Kf2 Kc6 50. e4 fxe4 51. Ke3 Kb5 52.
Kf4 Ka4 53. Kxg4 Kb3 54. Kh3 e3 55. Kg2 Kc2 0-1

[Event "XXVI Ogolnopolska Olimpiada Mlodziezy"]
[Site "Pulawy"]
[Date "2020.10.06"]
[Round "3.26"]
[White "Kuczynski, Michal"]
[Black "Kusiak, Mateusz"]
[Result "0-1"]
[WhiteElo "1341"]
[BlackElo "1578"]
[PlyCount "80"]
[EventDate "2020.10.04"]
[EventType "swiss"]
[Tiebreak "Sum of Buchholz+Median1 Buchholz+Sonneborn-Berger (Swiss)"]

1. e4 c5 2. Nf3 Nc6 3. d4 cxd4 4. Nxd4 g6 5. c4 Bg7 6. Be3 Nf6 7. f3 O-O 8. Nc3
d6 9. Qd2 Nxd4 10. Bxd4 Be6 11. Bd3 a6 12. O-O Rc8 13. Nd5 Nd7 14. Bxg7 Kxg7
15. b3 Nc5 16. Bc2 Bxd5 17. exd5 b5 18. f4 Qb6 19. Kh1 Nd7 20. f5 bxc4 21. fxg6
hxg6 22. Qg5 cxb3 23. Bxb3 Nf6 24. Rae1 Rc7 25. Rxe7 Nh7 26. Qh4 Qb5 27. Ree1
f6 28. Rf3 Ng5 29. Rfe3 Nf7 30. Re6 Ng5 31. Rxd6 Rh8 32. Qf4 Rf7 33. Rc6 Rh5
34. Rc7 Qa5 35. Rxf7+ Nxf7 36. Rd1 Re5 37. Qg3 Nd6 38. Bc2 g5 39. Bb3 Ne4 40.
Qf3 Nd2 0-1

[Event "XXVI Ogolnopolska Olimpiada Mlodziezy"]
[Site "Pulawy"]
[Date "2020.10.06"]
[Round "3.26"]
[White "Murawski, Milosz"]
[Black "Gawlik, Olivier"]
[Result "1-0"]
[WhiteElo "1351"]
[BlackElo "1115"]
[PlyCount "59"]
[EventDate "2020.10.04"]
[EventType "swiss"]
[Tiebreak "Sum of Buchholz+Median1 Buchholz+Sonneborn-Berger (Swiss)"]

1. d4 d5 2. Bf4 Bf5 3. e3 Nf6 4. Nf3 e6 5. Bd3 Bg6 6. O-O c5 7. Bxb8 Rxb8 8.
Bb5+ Ke7 9. dxc5 Qa5 10. c4 a6 11. Ba4 Qxc5 12. cxd5 Nxd5 13. Nc3 Rd8 14. Nxd5+
Rxd5 15. Qc1 b5 16. Bb3 Qxc1 17. Raxc1 Rd7 18. Rc8 a5 19. a4 Rd3 20. Bc2 Rd5
21. e4 Rh5 22. g4 Rh6 23. axb5 Kd7 24. Rc4 Bd6 25. Rd1 Ke7 26. b6 Rb8 27. e5
Bb4 28. Rc7+ Kf8 29. b7 Rxb7 30. Rd8# 1-0

[Event "XXVI Ogolnopolska Olimpiada Mlodziezy"]
[Site "Pulawy"]
[Date "2020.10.07"]
[Round "4.1"]
[White "Klimkowski, Jan"]
[Black "Fiszer, Bartosz"]
[Result "1/2-1/2"]
[WhiteElo "2298"]
[BlackElo "2225"]
[PlyCount "90"]
[EventDate "2020.10.04"]
[EventType "swiss"]
[Tiebreak "Sum of Buchholz+Median1 Buchholz+Sonneborn-Berger (Swiss)"]

1. d4 Nf6 2. c4 g6 3. Nc3 Bg7 4. e4 d6 5. Be2 O-O 6. Be3 c5 7. e5 Nfd7 8. exd6
exd6 9. Nf3 Nc6 10. O-O Qb6 11. Rb1 cxd4 12. Nd5 Qd8 13. Nxd4 Nde5 14. Qd2 Nxd4
15. Bxd4 Be6 16. Be3 Bf5 17. Rbc1 Re8 18. h3 Be4 19. Nc3 Bc6 20. Nd5 b6 21.
Rfd1 Bb7 22. Nc3 Qc8 23. Nb5 Qc6 24. Qd5 Qxd5 25. cxd5 Ba6 26. Bf1 Bxb5 27.
Bxb5 Re7 28. Ba6 Rae8 29. Rc2 Nd7 30. b4 Nf6 31. Rc6 Ne4 32. Rdc1 f5 33. Bc8
Be5 34. Be6+ Kg7 35. f4 Bf6 36. g4 h6 37. Kg2 fxg4 38. R1c4 gxh3+ 39. Kxh3 Rxe6
40. dxe6 Rxe6 41. Rc7+ Be7 42. Bd4+ Kf7 43. Rxa7 b5 44. Rcc7 Nf6 45. a4 Nd5
1/2-1/2

[Event "XXVI Ogolnopolska Olimpiada Mlodziezy"]
[Site "Pulawy"]
[Date "2020.10.07"]
[Round "4.1"]
[White "Seemann, Jakub"]
[Black "Krawczyk, Flawian"]
[Result "1-0"]
[WhiteElo "2339"]
[BlackElo "2114"]
[PlyCount "117"]
[EventDate "2020.10.04"]
[EventType "swiss"]
[Tiebreak "Sum of Buchholz+Median1 Buchholz+Sonneborn-Berger (Swiss)"]

1. d4 d5 2. c4 e6 3. Nc3 Bb4 4. e3 Nf6 5. Bd3 O-O 6. Bd2 dxc4 7. Bxc4 a6 8. Qc2
b5 9. Be2 Bb7 10. Bf3 Bxf3 11. Nxf3 Nbd7 12. O-O Rc8 13. Nxb5 axb5 14. Bxb4 Re8
15. Rfd1 Nd5 16. Bc5 Nxc5 17. Qxc5 Rb8 18. Rac1 Qd6 19. e4 Qxc5 20. Rxc5 Nf6
21. Re1 Rb7 22. b3 h6 23. h3 Ra8 24. Re2 Nd7 25. Rcc2 Ra6 26. d5 Nf6 27. dxe6
Rxe6 28. e5 Nd7 29. Nd4 Rxe5 30. Rxe5 Nxe5 31. Rc5 Nd3 32. Rxb5 Rxb5 33. Nxb5
c6 34. Nc3 Kf8 35. Kf1 Ke7 36. Ke2 Nf4+ 37. Kf3 Ne6 38. h4 Kd6 39. Ke4 g6 40.
g4 h5 41. gxh5 f5+ 42. Kf3 gxh5 43. Ne2 Ke5 44. Ng3 Nd4+ 45. Kg2 Kf4 46. f3
Nxf3 47. Nxh5+ Ke3 48. Kg3 f4+ 49. Nxf4 Nxh4 50. Kxh4 Kxf4 51. a4 Ke5 52. Kg5
c5 53. a5 Kd5 54. Kf5 Kc6 55. Ke5 Kb5 56. Kd5 Kxa5 57. Kxc5 Ka6 58. b4 Kb7 59.
Kb5 1-0

[Event "XXVI Ogolnopolska Olimpiada Mlodziezy"]
[Site "Pulawy"]
[Date "2020.10.07"]
[Round "4.1"]
[White "Starosta, Martyna"]
[Black "Kucharska, Helena"]
[Result "1-0"]
[WhiteElo "2046"]
[BlackElo "1727"]
[PlyCount "77"]
[EventDate "2020.10.04"]
[EventType "swiss"]
[Tiebreak "Sum of Buchholz+Median1 Buchholz+Sonneborn-Berger (Swiss)"]

1. e4 e6 2. d4 d5 3. Nc3 dxe4 4. Nxe4 Bd7 5. Bd3 Bc6 6. Nf3 Nd7 7. O-O Ngf6 8.
Qe2 Be7 9. c3 O-O 10. b3 a5 11. c4 Re8 12. Bb2 Nxe4 13. Bxe4 Bxe4 14. Qxe4 c6
15. Rad1 Bf6 16. Rfe1 Qc7 17. h4 c5 18. g4 g6 19. g5 Bg7 20. h5 f5 21. Qh4 Kf7
22. dxc5 Nf8 23. Bxg7 Kxg7 24. Qd4+ Kg8 25. h6 Re7 26. Ne5 Rc8 27. c6 bxc6 28.
c5 Ree8 29. Nxc6 Ra8 30. Qf6 a4 31. Ne5 Re7 32. b4 Rae8 33. a3 Qb7 34. c6 Qc7
35. b5 Qb6 36. Nd7 Nxd7 37. cxd7 Qxb5 38. dxe8=Q+ Qxe8 39. Rxe6 1-0

[Event "XXVI Ogolnopolska Olimpiada Mlodziezy"]
[Site "Pulawy"]
[Date "2020.10.07"]
[Round "4.1"]
[White "Szczotka, Klara"]
[Black "Sprzeczka, Emilia"]
[Result "1-0"]
[WhiteElo "1959"]
[BlackElo "1488"]
[PlyCount "59"]
[EventDate "2020.10.04"]
[EventType "swiss"]
[Tiebreak "Sum of Buchholz+Median1 Buchholz+Sonneborn-Berger (Swiss)"]

1. e4 e5 2. Nf3 Nc6 3. Bc4 Nf6 4. d3 Bc5 5. c3 O-O 6. O-O Bb6 7. Bb3 d6 8. Nbd2
Be6 9. h3 Na5 10. Bc2 Nc6 11. Re1 Ne7 12. Nf1 Ng6 13. d4 exd4 14. cxd4 c6 15.
Ng3 d5 16. e5 Nd7 17. Bg5 Qc7 18. h4 h6 19. h5 Ngxe5 20. Nxe5 hxg5 21. Qd3 f5
22. Ng6 Rf6 23. Ne7+ Kf8 24. Nexf5 c5 25. Re2 cxd4 26. Rae1 Qc6 27. Nxg7 Kxg7
28. Qh7+ Kf8 29. Qh8+ Bg8 30. Bh7 1-0

[Event "XXVI Ogolnopolska Olimpiada Mlodziezy"]
[Site "Pulawy"]
[Date "2020.10.07"]
[Round "4.2"]
[White "Gaszka, Zuzanna"]
[Black "Lazniewska, Zofia"]
[Result "1/2-1/2"]
[WhiteElo "1417"]
[BlackElo "1506"]
[PlyCount "105"]
[EventDate "2020.10.04"]
[EventType "swiss"]
[Tiebreak "Sum of Buchholz+Median1 Buchholz+Sonneborn-Berger (Swiss)"]

1. d4 c5 2. dxc5 e6 3. Nf3 Bxc5 4. Nc3 d5 5. e3 Nf6 6. Bb5+ Bd7 7. Bxd7+ Nbxd7
8. O-O O-O 9. Re1 Nb6 10. b3 Nc8 11. Bb2 Nd6 12. Qe2 Nde4 13. Nxe4 Nxe4 14. a3
Rc8 15. Rad1 Qc7 16. c4 dxc4 17. Qxc4 Nd6 18. Qg4 Ne8 19. Be5 Qe7 20. b4 Bb6
21. Qg3 Bc7 22. Rc1 Bxe5 23. Qxe5 Nf6 24. Nd4 Nd5 25. e4 Nf6 26. Nf5 Qd7 27.
Rcd1 Qc7 28. Qxc7 Rxc7 29. Nd6 a6 30. Rc1 Rd7 31. e5 Nd5 32. Re4 f6 33. f4 fxe5
34. fxe5 Ne7 35. Rec4 Nc6 36. Nxb7 Nxe5 37. Nc5 Nxc4 38. Nxd7 Rf4 39. a4 h6 40.
Rf1 Rxf1+ 41. Kxf1 Kf7 42. a5 Ne3+ 43. Ke2 Nd5 44. Ne5+ Ke7 45. Nd3 Kd6 46. Kd2
e5 47. g3 e4 48. Nc5 e3+ 49. Ke2 Nxb4 50. Ne4+ Ke5 51. Kxe3 Nc6 52. Nc5 Nxa5
53. Nxa6 1/2-1/2

[Event "XXVI Ogolnopolska Olimpiada Mlodziezy"]
[Site "Pulawy"]
[Date "2020.10.07"]
[Round "4.2"]
[White "Mulawa, Cyprian"]
[Black "Zielonka, Adam"]
[Result "1-0"]
[WhiteElo "1693"]
[BlackElo "1736"]
[PlyCount "57"]
[EventDate "2020.10.04"]
[EventType "swiss"]
[Tiebreak "Sum of Buchholz+Median1 Buchholz+Sonneborn-Berger (Swiss)"]

1. e4 d6 2. d4 Nf6 3. Nc3 e5 4. Nf3 Nbd7 5. Bc4 Be7 6. O-O O-O 7. a4 c6 8. Qe2
b6 9. Ba2 Bb7 10. Rd1 Qc7 11. Nh4 Rfe8 12. Qc4 d5 13. exd5 exd4 14. Nb5 Qe5 15.
dxc6 Bxc6 16. Qxc6 Bc5 17. Bd2 d3 18. Qf3 dxc2 19. Rdc1 Ne4 20. Be3 Bxe3 21.
fxe3 Ndf6 22. Rxc2 Rad8 23. Rd1 Rxd1+ 24. Qxd1 Qg5 25. Qe1 Ng4 26. Nf3 Qg6 27.
Rc7 Nh6 28. Ne5 Qf6 29. Nxf7 1-0

[Event "XXVI Ogolnopolska Olimpiada Mlodziezy"]
[Site "Pulawy"]
[Date "2020.10.07"]
[Round "4.2"]
[White "Paprocki, Antoni"]
[Black "Chyzy, Jakub"]
[Result "1/2-1/2"]
[WhiteElo "2031"]
[BlackElo "2250"]
[PlyCount "63"]
[EventDate "2020.10.04"]
[EventType "swiss"]
[Tiebreak "Sum of Buchholz+Median1 Buchholz+Sonneborn-Berger (Swiss)"]

1. d4 Nf6 2. c4 e6 3. Nc3 c5 4. d5 exd5 5. cxd5 Bd6 6. Nf3 O-O 7. e3 Re8 8. Bd3
Bf8 9. O-O d6 10. h3 Na6 11. e4 Rb8 12. Bf4 Nb4 13. Re1 Nxd3 14. Qxd3 Nd7 15.
e5 dxe5 16. Nxe5 Nxe5 17. Bxe5 Ra8 18. d6 Bd7 19. Rad1 Qg5 20. f4 Qh4 21. Nd5
Bxd6 22. g3 Qh6 23. Bxd6 Qxd6 24. Ne7+ Qxe7 25. Rxe7 Rxe7 26. Qd6 Rae8 27. Qxd7
Rxd7 28. Rxd7 Kf8 29. Rxb7 Re2 30. a4 a5 31. Rb5 c4 32. Rxa5 1/2-1/2

[Event "XXVI Ogolnopolska Olimpiada Mlodziezy"]
[Site "Pulawy"]
[Date "2020.10.07"]
[Round "4.2"]
[White "Pawicka, Magdalena"]
[Black "Zabrzanska, Weronika"]
[Result "0-1"]
[WhiteElo "1775"]
[BlackElo "1830"]
[PlyCount "105"]
[EventDate "2020.10.04"]
[EventType "swiss"]
[Tiebreak "Sum of Buchholz+Median1 Buchholz+Sonneborn-Berger (Swiss)"]

1. d4 Nf6 2. Nf3 e6 3. e3 d5 4. Bd3 Bd6 5. b3 b6 6. Bb2 Bb7 7. Nbd2 Nbd7 8. c4
c5 9. O-O O-O 10. Qe2 Ne4 11. Ne5 Qe7 12. Ndf3 Ndf6 13. Rfd1 Rfd8 14. Rac1 Rac8
15. h3 h6 16. Bb1 Bb8 17. Ba3 dxc4 18. bxc4 Qe8 19. Qb2 Ba8 20. Rd3 Bd6 21.
Rcd1 Qe7 22. Ne1 cxd4 23. Bxd6 Nxd6 24. Rxd4 Nde4 25. Rxd8+ Rxd8 26. Rxd8+ Qxd8
27. Qd4 Qxd4 28. exd4 Nc3 29. Bd3 Nxa2 30. Nc2 Nc1 31. c5 Nxd3 32. Nxd3 Kf8 33.
f3 Ke7 34. Na3 Nd5 35. Kf2 f6 36. Nc2 Kd7 37. cxb6 axb6 38. Ncb4 Kd6 39. Ke2
Bc6 40. Kd2 g5 41. Nxd5 Bxd5 42. Nf2 h5 43. Ke3 b5 44. Nd3 Bc4 45. Nb4 e5 46.
Ke4 exd4 47. Kxd4 Bf1 48. g4 h4 49. Nd5 Ke6 50. Nc7+ Kf7 51. Kc3 Bxh3 52. Nxb5
Bg2 53. Kd4 0-1